000 00688nam a2200265Ia 4500
005 20260302114323.0
008 008 260114s9999 xx 000 0 eng d
020 _a9781978724266
037 _aTextbook
040 _aCRL
040 _beng
040 _cCRL
041 _2eng
041 _aeng
084 _qCRL
100 _aMatt LaVine
_91118426
245 0 _aRace, Gender, and the History of Early Analytic Philosophy
260 _bBloomsbury
260 _bLexington Books
260 _c2020
650 _aPhilosophy
856 _uhttps://doi.org/10.5040/9781978724266?locatt=label:secondary_bloomsburyCollections
942 _cEBOOK
999 _c1682124
_d1682124